Online Catalogue and eLibrary

Sunethra : (Record no. 5392)

MARC details
000 -LEADER
fixed length control field 00414nam a2200169Ia 4500
005 - DATE AND TIME OF LATEST TRANSACTION
control field 20250430063835.0
008 - FIXED-LENGTH DATA ELEMENTS--GENERAL INFORMATION
fixed length control field 240331s9999 xx 000 0 und d
020 ## - INTERNATIONAL STANDARD BOOK NUMBER
ISBN 95520162203
082 ## - DDC Classification
Item Number - Author Mark SIL
Class No. 891
100 ## - MAIN ENTRY--PERSONAL NAME
Personal name Silva,W.A
245 #0 - TITLE STATEMENT
Title Sunethra :
Remainder of title Nohoth awichara samaya
250 ## - EDITION STATEMENT
Edition statement 12th
260 ## - PUBLICATION, DISTRIBUTION, ETC.
Place of publication, distribution, etc. Colombo
Name of publisher, distributor, etc. S. Godage & Brothers
Date of publication, distribution, etc. 2009
300 ## - PHYSICAL DESCRIPTION
Extent (e.g. Volumes, Pages etc.) 356 p .,
650 ## - SUBJECT ADDED ENTRY--TOPICAL TERM
Topical term or geographic name entry element Historical Novel
942 ## - Koha item type (Biblio)
Koha item type Books in Stacks (Lending)
Holdings
Lost status Damaged status Collection code Home library Current library Shelving location Date acquired Full call number Accession Number Item type
    Lending WERC Library WERC Library Social Science Cupboard 03/31/2024 891.48 SIL 1788 Books in Stacks (Lending)

© WERC Library